000 00738nam a2200253Ia 4500
003 OSt
005 20221005090103.0
006 a|||||r|||| 00| 0
007 ta
008 221004b |||||||| |||| 00| 0 eng d
024 _a120013
037 _cTextual
040 _aCRL
_cCRL
_beng
041 _2eng
_aeng
082 _a2un1:N57, J71
100 _aShera Jesse H Ed.
245 0 _aInformation systems in documentation ed by J H Shera
260 _aNew York
_bInterscience Publishers
_c1957
300 _axix,639p.
_ccm.
490 _vV2
_aAdvances in documentation and Library science
650 _aLIBRARY SCIENCE
942 _h2un1:N57, J71
_cTEXL
_2cc
999 _c995226
_d995226